<?xml version="1.0" encoding="UTF-8"?><?xml-stylesheet type="text/xsl" href="static/style.xsl"?><OAI-PMH xmlns="http://www.openarchives.org/OAI/2.0/" xmlns:xsi="http://www.w3.org/2001/XMLSchema-instance" xsi:schemaLocation="http://www.openarchives.org/OAI/2.0/ http://www.openarchives.org/OAI/2.0/OAI-PMH.xsd"><responseDate>2026-06-01T01:23:39Z</responseDate><request verb="GetRecord" identifier="oai:riuma.uma.es:10630/20378" metadataPrefix="marc">https://riuma.uma.es/rest/oai/request</request><GetRecord><record><header><identifier>oai:riuma.uma.es:10630/20378</identifier><datestamp>2026-02-03T12:16:52Z</datestamp><setSpec>com_10630_2254</setSpec><setSpec>col_10630_37959</setSpec></header><metadata><record xmlns="http://www.loc.gov/MARC21/slim" xmlns:dcterms="http://purl.org/dc/terms/" xmlns:doc="http://www.lyncode.com/xoai" xmlns:xsi="http://www.w3.org/2001/XMLSchema-instance" xsi:schemaLocation="http://www.loc.gov/MARC21/slim http://www.loc.gov/standards/marcxml/schema/MARC21slim.xsd">
   <leader>00925njm 22002777a 4500</leader>
   <datafield ind2=" " ind1=" " tag="042">
      <subfield code="a">dc</subfield>
   </datafield>
   <datafield ind2=" " ind1=" " tag="720">
      <subfield code="a">Smolak-Lozano, Emilia</subfield>
      <subfield code="e">author</subfield>
   </datafield>
   <datafield ind2=" " ind1=" " tag="720">
      <subfield code="a">López García, Ana</subfield>
      <subfield code="e">author</subfield>
   </datafield>
   <datafield ind2=" " ind1=" " tag="260">
      <subfield code="c">2020-11-18</subfield>
   </datafield>
   <datafield ind2=" " ind1=" " tag="520">
      <subfield code="a">La profesionalización de influencers y Youtubers está cambiando la industria publicitaria tal y&#xd;
como la conocíamos. Nuevos perfiles profesionales están surgiendo, adaptándose para poder&#xd;
ofrecer a las marcas unos prescriptores adecuados que compartan sus valores y a los influencers&#xd;
unas campañas adaptadas a su público. Con este estudio se pretende definir las estructuras de&#xd;
las agencias de publicidad desde la irrupción de estos nuevos agentes, detectar cuáles de ellas&#xd;
son nuevas y sugerir cuáles tienen futuro.&#xd;
Mediante un estudio realizado en 2019 mediante una encuesta y análisis del contenido&#xd;
enfocado a las primeras agencias de publicidad nacionales, así como agencias especializadas en&#xd;
influencers, el estudio trata de corroborar si se ha promovido la creación de nuevos&#xd;
departamentos y perfiles profesionales específicos en las agencias de publicidad.&#xd;
Los resultados confirman que se han creado nuevos perfiles profesionales relacionados con el&#xd;
ámbito digital en la industria publicitaria en los últimos años. Los influencers han modificado la&#xd;
planificación estratégica de las agencias. Existe en las agencias un perfil profesional específico&#xd;
que trata con los influencers, aunque no contenga en su nombre la palabra influencer, es decir,&#xd;
son más genéricos del marketing digital y del social media. El estudio demuestra una tendencia&#xd;
creciente a elaborar estrategias específicas para sus campañas introduciendo a su vez unos&#xd;
nuevos modelos de gestión dentro de las agencias incluso llegando a modificar su estructura&#xd;
interna para adaptarse a nuevos retos de la comunicación digital.</subfield>
   </datafield>
   <datafield ind1="8" ind2=" " tag="024">
      <subfield code="a">https://hdl.handle.net/10630/20378</subfield>
   </datafield>
   <datafield tag="653" ind2=" " ind1=" ">
      <subfield code="a">Redes sociales en Internet</subfield>
   </datafield>
   <datafield ind2="0" ind1="0" tag="245">
      <subfield code="a">Influencers, Youtubers y agencias de publicidad: nuevas estructuras. Estudio de la estructura de las agencias en España.</subfield>
   </datafield>
</record>
</metadata></record></GetRecord></OAI-PMH>